Bytová výstavba - kľúč k spokojnosti Z vystúpenia Jozefa Chuchúta, vedúceho tajomníka OV KSS v Považskej Bystrici, na júnovom pléne SKV KSS

Podrobná bibliografia
Hlavný autor: Chuchút, Jozef, 1930- (Autor)
Médium: Článok
Jazyk:slovenčina
Predmet:

MARC

LEADER 00000nab a2200000 a 4500
001 vtls000003812
003 SK-MaSNL
005 20260303020838.0
008 111103c1978 xo 0 slo
015 |a SNBRB19rr/mm-uuuuu 
035 |a CL0013905 
040 |a SNKBUCL  |b slo  |c SNKBUCL  |e AACR2 
041 0 |a slo 
044 |a xo  |c SK 
080 |a 69  |2 1981 
080 |a 658  |2 1981 
100 1 |a Chuchút, Jozef,  |d 1930-  |4 aut  |9 5170 
245 1 0 |a Bytová výstavba - kľúč k spokojnosti  |b Z vystúpenia Jozefa Chuchúta, vedúceho tajomníka OV KSS v Považskej Bystrici, na júnovom pléne SKV KSS  |c Jozef Chuchút 
650 0 7 |a byty  |2 snkbucl  |9 3905 
650 0 7 |a bytová výstavba  |2 snkbucl  |9 3036 
651 7 |a 5307  |2 snkbucl  |9 284648 
655 7 |a články z novín a časopisov  |2 snkbucl  |9 267496 
773 0 |t Smer  |g Roč. 30, č. 173 (25. 7. 1978), s. 4 
850 |a Slovenská národná knižnica v Martine  |a MTA001 
852 |a SNK  |b KIS3GCP 
958 |a RK 
992 |a RBX 
999 |c 1620122  |d 1622052